Geographic information systems and science / (Record no. 11766)

000 -LEADER
fixed length control field 00668cam a22001934a 4500
020 ## - INTERNATIONAL STANDARD BOOK NUMBER
ISBN 0471495212 (alk. paper)
020 ## - INTERNATIONAL STANDARD BOOK NUMBER
ISBN 0471892750 (alk. paper)
040 ## - CATALOGING SOURCE
Transcribing agency DLC
082 00 - DEWEY DECIMAL CLASSIFICATION NUMBER
Classification number 910 WIL 2001 A099 Co.
245 00 - TITLE STATEMENT
Title Geographic information systems and science /
260 ## - PUBLICATION, DISTRIBUTION, ETC. (IMPRINT)
Place of publication Chichester ;
-- New York :
Name of publisher Wiley,
Year of publication c2001.
300 ## - PHYSICAL DESCRIPTION
Number of Pages xviii, 454 p. :
Other physical details ill. (some col.), maps (some col.) ;
Dimensions 26 cm.
650 #0 - SUBJECT ADDED ENTRY--TOPICAL TERM
Topical Term Geographic information systems.
650 #0 - SUBJECT ADDED ENTRY--TOPICAL TERM
Topical Term Problem solving.
700 1# - ADDED ENTRY--PERSONAL NAME
Personal name Longley, Paul.
856 42 - ELECTRONIC LOCATION AND ACCESS
Uniform Resource Identifier http://www.loc.gov/catdir/description/wiley034/2001017870.html
856 4# - ELECTRONIC LOCATION AND ACCESS
Uniform Resource Identifier http://www.loc.gov/catdir/toc/onix06/2001017870.html
942 ## - ADDED ENTRY ELEMENTS (KOHA)
Koha item type សៀវភៅភាសាអង់គ្លេស
952 ## - LOCATION AND ITEM INFORMATION (KOHA)
Withdrawn status [LOCAL, KOHA] 0
Holdings
Permanent Location Date acquired Koha item type Lost status Shelving location Barcode Current Location Full call number
Library Block A2017-08-07សៀវភៅភាសាអង់គ្លេស A099 A11778Library Block A910 WIL 2001 A099 Co.
មជ្ឈមណ្ឌលឯការនៃសាកលវិទ្យាល័យភូមិន្ទកសិកម្មចំការដូង

Powered by Koha